Manual de derecho procesal
Sparad:
| Huvudupphovsman: | |
|---|---|
| Materialtyp: | Bok |
| Språk: | spanska |
| Publicerad: |
Santiago
Librotecnia
2010
|
| Upplaga: | 3a. ed |
| Ämnen: | |
| Taggar: |
Lägg till en tagg
Inga taggar, Lägg till första taggen!
|
MARC
| LEADER | 00000nam a2200000 a 4500 | ||
|---|---|---|---|
| 001 | UCG4237 | ||
| 003 | CL-VaPUC | ||
| 008 | 101021e20100500CL |||||||||||||||||spa|d | ||
| 020 | |a 9789567950744 | ||
| 082 | 0 | 4 | |a 347.83 |b ORE |2 21 |
| 100 | |a Orellana Torres, Fernando |e autor |9 570392 | ||
| 245 | 1 | 0 | |a Manual de derecho procesal |
| 250 | |a 3a. ed | ||
| 300 | |a t | ||
| 942 | |c BK | ||
| 945 | |d 20101021 00:00:00 |a mfarfan | ||
| 260 | |a Santiago |b Librotecnia |c 2010 | ||
| 650 | 0 | |a Derecho procesal penal |9 255496 | |
| 650 | 7 | |a CODIGO DE PROCESAMIENTO PENAL |2 CL-VaPUC |9 553592 | |
| 650 | 0 | |a Recursos procesales |9 255595 | |
| 650 | 0 | |a Derecho procesal penal |9 256392 | |
| 650 | 0 | |a Jurisdicción |9 255090 | |
| 650 | 0 | |a Tribunales |9 254872 | |
| 650 | 7 | |a ETICA JUDICIAL |2 CL-VaPUC |9 530779 | |
| 650 | 0 | |a Código de procedimiento civil |9 256305 | |
| 650 | 0 | |a Juicio oral |9 455093 | |
| 583 | |a last modification |c 20101021 00:00:00 |k Rodrigo Vera | ||
| 999 | |c 343071 |d 343069 | ||
| 952 | |0 0 |1 0 |4 0 |6 347_830000000000000_ORE_2010 |7 0 |8 A |9 440012 |a BIBDER |b BIBDER |d 2019-11-22 |h t.2 |i 4727002 |o 347.83 ORE 2010 |p 4727002 |r 2023-01-25 |w 2019-11-22 |y BK |k DER | ||
| 952 | |0 0 |1 0 |4 0 |6 347_830000000000000_ORE_2010 |7 0 |8 A |9 440013 |a BIBDER |b BIBDER |d 2019-11-22 |h t.4 |i 4727010 |o 347.83 ORE 2010 |p 4727010 |r 2023-01-25 |w 2019-11-22 |y BK |k DER | ||
| 952 | |0 0 |1 0 |4 0 |6 347_830000000000000_ORE_2010 |7 0 |8 A |9 440014 |a BIBDER |b BIBDER |d 2019-11-22 |h t.5 |i 4727029 |l 2 |m 1 |o 347.83 ORE 2010 |p 4727029 |r 2024-11-05 |s 2024-10-22 |w 2019-11-22 |y BK |k DER | ||